1978 1964 1583 1716 1833 1406 1527 1914 1562 1649 1354 1590 1815 1677 1809 1907 1298 1162 1110 1089 1709 1719 1737 1836 1013 1738 1116 1525 1076 1504 1552 1672 1282 1732 1712 1336 1317 1657 1687 1353 1978 1068 1418 1025 1796 1380 1942 1198 1886 1617 1751 1019 1008 1122 1168 1396 1566 1240 1058 1479 1796 1202 1911 1961 1330 1394 1530 1149 1089 1233 1747 1403 1094 1297 1910 1007 1634 1442 1610 1340 1980 1020 1148 1048 1441 1495 1912 1501 1542 1158 1574 1156 1376 1752 1001 1925 1828 1491 1114 BCNSPRNW ULIB Ver.6.0+V

เปลี่ยนเป็นภาษาไทย

Change to English
 แสดงรายละเอียดบรรณานุกรม
  กลับหน้าหลัก

Brief Record : Get Marc (ISO 2709) : E-mail record : QR code < ปิดหน้าต่าง
LEADER : 00000nam a2200000 a 4500
001    13399120383
003     ULIB
008    060921s2546 th a 000 0 tha d
020    ^a9746970437
024    9789746970433
060 04 ^aWI720^bP842
245 00 ^aPortal hypertension :^ba pathophysiological approach totreatment /^cสมเกียรติ วัฒนศิริชัยกุล [บรรณาธิการ]
250    ^aพิมพ์ครั้งที่ 3
260    ^aกรุงเทพฯ :^bเม็ดทรายพริ้นติ้ง,^c2546
300    ^a440 หน้า :^bภาพประกอบ ;^c22 ซม. +^eแบบทดสอบ 2 เล่ม
500    ^aชื่อเรื่องแบบทดสอบ: CME 20 creduts บทที่ 1-10, CME 20credits บทที่ 11-20
500    ^aSend to Single Search
650  4 ^aปอร์ตา, ระบบ
650  4 ^aปอร์ตาคาวัลซัน, ศัลยกรรม
650  4 ^aความดันเลือดสูงจากปอร์ตัล
700 0  ^aสมเกียรติ วัฒนศิริชัยกุล,^eบรรณาธิการ
945    ^p480^l0^i016176
995    ^a เกษร
999    ^aใช้งานได้ทุกระบบ
รายการนี้ยังไม่มีแท็ก
คุณยังไม่ได้ล็อกอิน คุณสามารถมีกิจกรรมร่วมกับเว็บไซต์ได้ แต่ต้องล็อกอินก่อน ::
  ล็อกอิน

รายการสื่อสารสนเทศ

ลำดับที่ ประเภท เลขเรียก/บาร์โค้ด สถานที่ สถานะ
1. วิทยาศาสตร์การแพทย์ และสุขภาพ
วิทยาศาสตร์การแพทย์ และสุขภาพ
WI720 P842  
  Barcode: 016176
ห้องสมุดวิทยาเขตสวรรค์ประชารักษ์
►หนังสือทั่วไป
บนชั้น

BibComment


ยังไม่เคยถูกคอมเมนท์

คอมเมนท์ทรัพยากรรายการนี้
  คอมเมนท์: Portal hypertens..


 Copyright 2026. Bcnsprnw @Library